000 00441nam a2200133Ia 4500
008 220217s9999 xx 000 0 und d
100 _aSoumithri Krishnanunny, P.
245 0 _aSurvival of Phytophthora spp. causing abnormal leaf fall (ALF) disease in rubber (Hevea brasiliensis)
260 _bUniversity of Calicut
_a Calict
_c2008
500 _aAvailable in Pathology
500 _aCourse: M.Sc.
700 _aDr C Bindu Roy
942 _cTS
999 _c74277
_d74277